| 000 | 00622nam a2200205 i 4500 | ||
|---|---|---|---|
| 001 | 85072 | ||
| 003 | ES-MaACL | ||
| 005 | 20231227062534.0 | ||
| 007 | t| | ||
| 008 | 041125s1917 sp ||||1| spa d | ||
| 100 | 1 |
_aJiménez, Juan Ramón, _d1881-1958 _966417 |
|
| 245 | 1 | 0 |
_aObras de Juan Ramón Jiménez _b: Diario de un poeta recién casado, (1916). |
| 260 |
_aMadrid : _b[s.n., _c1917] ( _fFortanet) |
||
| 300 |
_a269 p. ; _c18 cm. |
||
| 500 | _aIndice. | ||
| 740 | 0 | _aDiario de un poeta recién casado, (1916) | |
| 852 |
_aES-MaACL _jA-4723 |
||
| 852 |
_aES-MaACL _jR-2617 _xOlim: F-6952 |
||
| 999 |
_c85072 _d85072 |
||